NAJPOPULARNIEJSZE FILMY DANYCH YOUTUBERÓW - Statystyki

Ogólne statystyki
  • Ten quiz został rozwiązany 33 razy
  • Średni wynik to 3 z 30
Statystyki odpowiedzi
Ilość wyświetleń YouTuber Film % Poprawnych
56 603 301 Karol Friz Wiśniewski PRZEJMUJEMY JUTUBY
70%
15 439 714 Blowek Znowu Mam Bana
67%
16 559 678 Stuu Minecraft Style
23%
5 404 716 Karolek SPRITE AND BANANA CHALLENGE
23%
22 281 680 tomasz gimper działowy Bombsite A
17%
79 520 156 wip bros NAJGORSZE SYTUACJE NA GRILLU
17%
6 865 006 reZigiusz SMOŁK ŁID EWRY DEJ
10%
15 439 447 AbstrachujeTV ŚWIAT BEZ INTERNETU
10%
9 557 483 Planeta Faktów 10 obrzydliwych rzeczy, które robią kobiety
7%
6 464 659 WAKSY Czego NIE robić w DRODZE NA OBÓZ
7%
11 937 519 Wersow #Hot16Challenge2
7%
3 184 057 Tromba #HOT16CHALLENGE2
7%
19 821 324 IsAmU MASNO FEST
7%
22 343 836 Kamerzysta Pięć Promili
7%
3 884 020 Mniej Więcej Spróbowaliśmy WSZYSTKIEGO z McDonald's
7%
4 282 777 Kamuś Chleje
3%
6 533 783 Naruciak Ciumkaj loczki GRY MAŁŻEŃSKIE
3%
19 454 856 MINI MAJK DZIEŃ Z ŻYCIA MAŁEGO CZŁOWIEKA
3%
4 994 821 Z Dvpy EURO 2016 ZDUPPING
3%
7 661 635 Kaluch Król Julian w GTA V
3%
1 060 709 Alvin #brzydka16challenge
0%
7 644 689 Hejka tu Lenka DZIEŃ TATY GLUT SHOPKINS CHALLENGE
0%
2 472 150 PLKD FIFA 16 MÓJ NAJLEPSZY DRAFT
0%
181 481 866 SA Wardega Mutant Spider Dog
0%
2 378 490 Poszukiwacz ŚPIEWAM JAK RIHANNA
0%
2 692 293 DisStream SPRAWDZAM NAJGORSZE SZTUCZKI z INTERNETU
0%
4579 018 skkf TAŃCE SKUBAŃCE
0%
4 802 146 TRENUJ Z KRZYCHEM turboKRZYCH IsAmU x Pompa
0%
17 051 364 Ponki TYPOWA LEKCJA J.POLSKIEGO
0%
824 589 Kolega Ignacy ZJEDLIŚMY 1,5 METROWEGO KEBABA
0%
Nie znaleziono quizów pasujących do podanych kryteriów
Rozkład punktacji
Procent ludzi z każdym wynikiem
Percentyl według liczby udzielonych odpowiedzi
Twoja historia wyników
Nie rozwiązałeś tego quizu